Modelovanie volatility finančných časových radov pomocou modelov triedy ARCH habilitačná prednáška

Uložené v:
Podrobná bibliografia
Hlavný autor: Chocholatá, Michaela, 1977-
Korporativný autor: Fakulta hospodárskej informatiky EU. Katedra operačného výskumu a ekonometrie
Médium: Kniha
Jazyk:Slovak
Vydavateľské údaje: Bratislava Vydavateľstvo EKONÓM 2014
Edícia:Habilitačné a inauguračné prednášky
Predmet:
Tagy: Pridať tag
Žiadne tagy, Buďte prvý, kto otaguje tento záznam!

MARC

LEADER 00000nam$a2200000$$$4500
001 0185489
005 20240502073158.1
020 |a 978-80-225-3863-3 
041 0 |a slo 
044 |a SK 
245 1 0 |a Modelovanie volatility finančných časových radov pomocou modelov triedy ARCH  |b habilitačná prednáška  |c Michaela Chocholatá 
264 1 |a Bratislava  |b Vydavateľstvo EKONÓM  |c 2014 
300 |a 56 s. 
490 1 |a Habilitačné a inauguračné prednášky 
830 0 |a Habilitačné a inauguračné prednášky 
610 2 0 |a volatilita 
610 2 0 |a rady časové 
610 2 0 |a modelovanie 
610 2 0 |a modelovanie ekonometrické 
100 1 |a Chocholatá, Michaela, 1977- 
710 2 |a Fakulta hospodárskej informatiky EU. Katedra operačného výskumu a ekonometrie